LEADER 01087nam a2200241 i 4500 001 000000208578 003 CaOOAMICUS 005 20111123000000.0 008 111123s1986 it u000 u ita u 013 $a187363 040 $aSeMil$bita 100 1 $aGeremek, Bronislav <1932-2008>.$0(OLS)http://semarc/name/74823 240 10$aLitosc i szubienica : Dzieje nedzy i mitosierdzia u Europie.$0(OLS)http://semarc/title/301632 245 13$aLa pietà e la forca :$bstoria della miseria e della carità in Europa /$cBronislav Geremek. 260 $aBari :$bLaterza,$ccopyr. 1986. 300 $aXIX, 267 p. ;$c21 cm. 490 0 $aStoria e società 650 4$aPoveri - Europa - Sec. 12.-18.$0(OLS)http://semarc/subject/39202 830 0$aStoria e società.$0(OLS)http://semarc/title/2818 850 $aSeMil 852 $aSeMil$W1$xVenegono$y1$m3U V 319$j159032$B159032$CSeMilBibl$Z2$F170126 $81 996 $6245$aLa pietà e la forca :$bstoria della miseria e della carità in Europa$9(OLS)http://semarc/title/301631 996 $6260$aBari :$bLaterza$9(OLS)http://semarc/publisher/29858 LEADER 01103nam a2200265 i 4500 001 000000056524 003 CaOOAMICUS 005 20040224000000.0 008 040224s1965 gw u000 u ger u 013 $a27696 040 $aSeMil$bita 100 1 $aBultmann, Rudolf,$d<1884-1975>.$0(OLS)http://semarc/name/5653 245 10$aTheologie des Neuen Testaments /$cvon Rudolf Bultmann. 250 $a5. durch einen Nachtrag erweiterte Aufl. 260 $aTübingen :$bMohr Siebeck,$c1965. 300 $aXV, 620 p. ;$c23 cm. 490 0 $aNeue theologische Grundrisse 650 4$aTeologia biblica - NT.$0(OLS)http://semarc/subject/595 650 4$aBibbia. Nuovo Testamento - Teologia.$0(OLS)http://semarc/subject/2289 830 0$aNeue theologische Grundrisse.$0(OLS)http://semarc/title/14290 850 $aSeMil 852 $aSeMil$W1$xVenegono$y1$m2Y II 167$j22678$B22678$CSeMilBibl$Z2$F22680 $81 961 $aRecupero: Casa editrice 996 $6245$aTheologie des Neuen Testaments$9(OLS)http://semarc/title/18271 996 $6260$aTübingen :$bMohr Siebeck$9(OLS)http://semarc/publisher/30329